Bennett's ophthalmic prescription work / (Record no. 1772)

MARC details
000 -LEADER
fixed length control field 01329pam a2200361 a 4500
001 - CONTROL NUMBER
control field 1125450
003 - CONTROL NUMBER IDENTIFIER
control field OSt
005 - DATE AND TIME OF LATEST TRANSACTION
control field 20150518145655.0
008 - FIXED-LENGTH DATA ELEMENTS--GENERAL INFORMATION
fixed length control field 940705s1994 enka 001 0 eng c
010 ## - LIBRARY OF CONGRESS CONTROL NUMBER
LC control number 94029015
020 ## - INTERNATIONAL STANDARD BOOK NUMBER
International Standard Book Number 0750617489
040 ## - CATALOGING SOURCE
Original cataloging agency DNLM/DLC
Transcribing agency DLC
Modifying agency DLC
050 00 - LIBRARY OF CONGRESS CALL NUMBER
Classification number RE976
Item number .B46 1994
060 10 - NATIONAL LIBRARY OF MEDICINE CALL NUMBER
Classification number WW 354 B472 1994
082 00 - DEWEY DECIMAL CLASSIFICATION NUMBER
Classification number WW 354 W439b 1994
Edition number 20
100 1# - MAIN ENTRY--PERSONAL NAME
Personal name Wakefield, Kelvin G.
9 (RLIN) 4655
245 10 - TITLE STATEMENT
Title Bennett's ophthalmic prescription work /
Statement of responsibility, etc. Kelvin G. Wakefield ; with a foreword by Frank G. Norville.
246 30 - VARYING FORM OF TITLE
Title proper/short title Ophthalmic prescription work
250 ## - EDITION STATEMENT
Edition statement 3rd ed.
260 ## - PUBLICATION, DISTRIBUTION, ETC. (IMPRINT)
Place of publication, distribution, etc. Oxford ;
-- Boston :
Name of publisher, distributor, etc. Butterworth-Heinemann,
Date of publication, distribution, etc. 1994.
300 ## - PHYSICAL DESCRIPTION
Extent 292 p. :
Other physical details ill. ;
Dimensions 24 vm.
500 ## - GENERAL NOTE
General note Includes index.
500 ## - GENERAL NOTE
General note Rev. ed. of: Ophthalmic prescription work / Arthur G. Bennett, Simon J.L. Blumlein. 2nd ed. 1983.
650 #0 - SUBJECT ADDED ENTRY--TOPICAL TERM
Topical term or geographic name as entry element Ophthalmic lenses.
9 (RLIN) 4656
650 #0 - SUBJECT ADDED ENTRY--TOPICAL TERM
Topical term or geographic name as entry element Eyeglasses.
9 (RLIN) 4657
650 #2 - SUBJECT ADDED ENTRY--TOPICAL TERM
Topical term or geographic name as entry element Eyeglasses.
9 (RLIN) 4658
650 #2 - SUBJECT ADDED ENTRY--TOPICAL TERM
Topical term or geographic name as entry element Optometry
General subdivision methods.
9 (RLIN) 4659
700 1# - ADDED ENTRY--PERSONAL NAME
Personal name Wakefield, Kelvin G.
9 (RLIN) 4660
700 1# - ADDED ENTRY--PERSONAL NAME
Personal name Bennett, Arthur G.
Fuller form of name (Arthur George).
Title of a work Ophthalmic prescription work.
9 (RLIN) 4661
906 ## - LOCAL DATA ELEMENT F, LDF (RLIN)
a 7
b cbc
c orignew
d 1
e ocip
f 19
g y-gencatlg
942 ## - ADDED ENTRY ELEMENTS (KOHA)
Source of classification or shelving scheme Other/Generic Classification Scheme
Koha item type Short Loan
Holdings
Withdrawn status Lost status Source of classification or shelving scheme Damaged status Not for loan Home library Current library Date acquired Source of acquisition Inventory number Total Checkouts Full call number Barcode Date last seen Price effective from Koha item type
    Other/Generic Classification Scheme     MUST Main Library MUST Main Library 18/05/2015   2002/17755   WW 354 W439b 1994 2015-1439 18/05/2015 18/05/2015 Short Loan